Estudio de transporte de la Universidad de Costa Rica
Salvato in:
| Autore principale: | |
|---|---|
| Natura: | Sconosciuto |
| Pubblicazione: |
[San José, Costa Rica]
1980
|
| Soggetti: | |
| Tags: |
Aggiungi Tag
Nessun Tag, puoi essere il primo ad aggiungerne!!
|
MARC
| LEADER | 00000 a2200000 4500 | ||
|---|---|---|---|
| 003 | 001961 | ||
| 005 | 20221231143739.0 | ||
| 008 | 140114s1980 cr a m 000 ||s d | ||
| 040 | |c cru CEDI | ||
| 090 | |a TFG 924 | ||
| 100 | |a Castro Salazar, René |9 16027 | ||
| 245 | |a Estudio de transporte de la Universidad de Costa Rica | ||
| 260 | |c 1980 |a [San José, Costa Rica] | ||
| 300 | |a 41, 19 hojas : ilustraciones algunas plegables ; 28 cm | ||
| 500 | |a (Tesis (ingeniero civil)--Universidad de Costa Rica. | ||
| 650 | |x COSTA RICA. UNIVERSIDAD |x TRANSPORTE - COSTA RICA |9 16028 | ||
| 942 | |c TFG | ||
| 999 | |c 11200 |d 11200 | ||
